[Event "IECG QN.1999.0.00074"]
[Site "IECG email"]
[Date "1999.08.28"]
[Round "?"]
[White "Mattick, Richard"]
[Black "Poblete, Litos"]
[Result "0-1"]
[WhiteElo "800"]
[BlackElo "800"]
[PlyCount "89"]
[EventDate "1999.08.28"]
[EventType "tourn (corr)"]
[EventRounds "6"]
[SourceTitle "Corr 2008"]
[Source "ChessBase"]
[SourceDate "2008.06.24"]
[SourceVersion "1"]
[SourceVersionDate "2008.06.24"]
[SourceQuality "1"]

1. e4 e5 2. Nf3 Nc6 3. d4 exd4 4. Nxd4 Bc5 5. c3 Qe7 6. f3 d5 7. Bd3 Bxd4 8. cxd4 Nxd4 9. 0-0 dxe4 10. Re1 Ne6 11. Bxe4 Nf6 12. b3 Nxe4 13. Rxe4 0-0 14. Ba3 c5 15. Nc3 b6 16. f4 Bb7 17. Re3 Rfd8 18. Qe2 Qf6 19. Re1 Qxf4 20. Bb2 Rf8 21. Rg3 Qd4+ 22. Kh1 Nf4 23. Qe3 Qxe3 24. Rexe3 Nxg2 25. Rxg2 Bxg2+ 26. Kxg2 Rad8 27. Re2 Rfe8 28. Rf2 Re1 29. Ne2 Rd5 30. Nf4 Rg5+ 31. Kh3 Reg1 32. Re2 h6 33. Re8+ Kh7 34. Re7 Rf5 35. Be5 Re1 36. Nd3 Rf3+ 37. Kh4 Rxd3 38. Bd6 Rxe7 39. Bxe7 f5 40. h3 g5+ 41. Bxg5 Rxh3+ 42. Kxh3 hxg5 43. Kg3 g4 44. a3 b5 45. Kf4 0-1

[Event "IECG QN.1999.0.00074"]
[Site "IECG email"]
[Date "1999.08.28"]
[Round "?"]
[White "Oezdemir, Galip"]
[Black "Mattick, Richard"]
[Result "1-0"]
[WhiteElo "800"]
[BlackElo "800"]
[PlyCount "74"]
[EventDate "1999.08.28"]
[EventType "tourn (corr)"]
[EventRounds "6"]
[SourceTitle "Corr 2008"]
[Source "ChessBase"]
[SourceDate "2008.06.24"]
[SourceVersion "1"]
[SourceVersionDate "2008.06.24"]
[SourceQuality "1"]

1. d4 Nc6 2. e4 e5 3. Nc3 Bb4 4. a3 Ba5 5. b4 Bb6 6. dxe5 Nxe5 7. Nd5 Bxf2+ 8. Kxf2 c6 9. Bf4 d6 10. Bxe5 dxe5 11. Nc3 Qb6+ 12. Ke1 Qe3+ 13. Nge2 Bg4 14. Qd6 f6 15. Rd1 Ne7 16. Rd3 Qb6 17. Na4 Qd8 18. Qxd8+ Rxd8 19. Rxd8+ Kxd8 20. Ng3 Kc7 21. Be2 Be6 22. Nc5 Ba2 23. c4 g6 24. Ne6+ Kb8 25. Rf1 b5 26. Rxf6 bxc4 27. Nc5 c3 28. Bd3 Rd8 29. Ne2 c2 30. Bxc2 Bc4 31. Nc1 g5 32. Bb3 Ba6 33. Nxa6+ Ka8 34. Nd3 h5 35. Nxe5 Rc8 36. Rf7 Ng8 37. Nxc6 Rxc6 1-0